<?xml version="1.0" encoding="UTF-8"?>
<record
    xmlns:xsi="http://www.w3.org/2001/XMLSchema-instance"
    xsi:schemaLocation="http://www.loc.gov/MARC21/slim http://www.loc.gov/standards/marcxml/schema/MARC21slim.xsd"
    xmlns="http://www.loc.gov/MARC21/slim">

  <leader>02074nas a2200277Ia 4500</leader>
  <controlfield tag="001">R264-R6594</controlfield>
  <controlfield tag="003">IT-CnALBA</controlfield>
  <controlfield tag="008">170116c99999999xx ||||||||||||   ||und||</controlfield>
  <datafield tag="040" ind1=" " ind2=" ">
    <subfield code="a">IT-CnALBA</subfield>
    <subfield code="c">IT-CnALBA</subfield>
  </datafield>
  <datafield tag="041" ind1=" " ind2=" ">
    <subfield code="a">ITALIANO</subfield>
  </datafield>
  <datafield tag="100" ind1=" " ind2=" ">
    <subfield code="a">GHEDDO PIERO</subfield>
  </datafield>
  <datafield tag="210" ind1=" " ind2=" ">
    <subfield code="a">MONDO E MISSIONE</subfield>
  </datafield>
  <datafield tag="222" ind1=" " ind2=" ">
    <subfield code="a">MONDO E MISSIONE</subfield>
  </datafield>
  <datafield tag="245" ind1=" " ind2="0">
    <subfield code="a">MONDO E MISSIONE. GENNAIO 1986. MIRACOLO DELL'INDIA. </subfield>
  </datafield>
  <datafield tag="250" ind1=" " ind2=" ">
    <subfield code="a">1a ed.</subfield>
  </datafield>
  <datafield tag="260" ind1=" " ind2=" ">
    <subfield code="a">PARMA - MILANO</subfield>
    <subfield code="b">MISSIONI ESTERE PONT. IST.</subfield>
    <subfield code="c">1986 [1&#xB0; Ed.:1986 - Ed.Ling.Originale: 1986]</subfield>
  </datafield>
  <datafield tag="300" ind1=" " ind2=" ">
    <subfield code="a">685 p. </subfield>
  </datafield>
  <datafield tag="310" ind1=" " ind2=" ">
    <subfield code="a">MENSILE</subfield>
  </datafield>
  <datafield tag="362" ind1=" " ind2=" ">
    <subfield code="a">Fascicolo: 1-12 / Anno: 115 (1986)</subfield>
  </datafield>
  <datafield tag="500" ind1=" " ind2=" ">
    <subfield code="a">IL PROBLEMA DELLA FAME NEL MONDO. TESTIMONI DELL'ORTODOSSIA. EDITORIALE. RIFLESSIONI. INFORMAZIONI DAI CONTINENTI. ECUMENISMO. EVANGELIZZAZIONE. NON CRISTIANI. SVILUPPO. SERVIZI SPECIALI. ARTICOLI. PAROLA DEI LETTORI. UNESCO, DOPO GLI INGLESI. LIBERIA, DEMOCRAZIA O ACECRAZIA. URUGUAY, COMPLEANNO PER LA DEMOCRAZIA. THAILANDIA, PROSTITUZIONE. GIOVANI, VOLONTARIATO. CHIESA NEL MONDO. SOLIDARIET&#xC0; PER I DEBOLI. IL PAPA E LA FEDE NELL'INDIA. VOLONTARI IN ATTESA DI LEGGI. NOTE E COMMENTI. SINODO, ECUMENISMO NON TRADITO. RASSEGNA STAMPA. COLOMBO D. MUNERATTI U. ZOCCARATO S. CASADEI R. RUSCONI A. CREMONESI P. CLEMENT O. </subfield>
  </datafield>
  <datafield tag="501" ind1=" " ind2=" ">
    <subfield code="a">Societ&#xE0; San Paolo EM - Piazza San Paolo, 14 - 12051 ALBA (CN)  (non commercial uses only) &#xAE; Copyright 2017</subfield>
  </datafield>
  <datafield tag="520" ind1=" " ind2=" ">
    <subfield code="a">IL PROBLEMA DELLA FAME NEL MONDO. TESTIMONI DELL'ORTODOSSIA. EDITORIALE. RIFLESSIONI. INFORMAZIONI DAI CONTINENTI. ECUMENISMO. EVANGELIZZAZIONE. NON CRISTIANI. SVILUPPO. SERVIZI SPECIALI. ARTICOLI. PAROLA DEI LETTORI. UNESCO, DOPO GLI INGLESI. LIBERIA, DEMOCRAZIA O ACECRAZIA. URUGUAY, COMPLEANNO PER LA DEMOCRAZIA. THAILANDIA, PROSTITUZIONE. GIOVANI, VOLONTARIATO. CHIESA NEL MONDO. SOLIDARIET&#xC0; PER I DEBOLI. IL PAPA E LA FEDE NELL'INDIA. VOLONTARI IN ATTESA DI LEGGI. NOTE E COMMENTI. SINODO, ECUMENISMO NON TRADITO. RASSEGNA STAMPA. COLOMBO D. MUNERATTI U. ZOCCARATO S. CASADEI R. RUSCONI A. CREMONESI P. CLEMENT O. </subfield>
  </datafield>
  <datafield tag="650" ind1=" " ind2=" ">
    <subfield code="a">MISSIONOLOGIA</subfield>
  </datafield>
  <datafield tag="942" ind1=" " ind2=" ">
    <subfield code="c">CR</subfield>
  </datafield>
  <datafield tag="957" ind1=" " ind2=" ">
    <subfield code="7">1</subfield>
  </datafield>
  <datafield tag="999" ind1=" " ind2=" ">
    <subfield code="a">58160</subfield>
    <subfield code="b">NO</subfield>
    <subfield code="g">1</subfield>
    <subfield code="c">325187</subfield>
    <subfield code="d">325187</subfield>
  </datafield>
  <datafield tag="952" ind1=" " ind2=" ">
    <subfield code="0">0</subfield>
    <subfield code="1">0</subfield>
    <subfield code="4">0</subfield>
    <subfield code="6">R_264R6594</subfield>
    <subfield code="7">1</subfield>
    <subfield code="a">ALBA</subfield>
    <subfield code="b">ALBA</subfield>
    <subfield code="d">2017-01-16</subfield>
    <subfield code="l">0</subfield>
    <subfield code="o">R264-R6594</subfield>
    <subfield code="r">2017-01-16 00:00:00</subfield>
    <subfield code="w">2017-01-16</subfield>
    <subfield code="y">CR</subfield>
    <subfield code="z">(data import: 16 gennaio 2017) - By Epidotti, Vaglietti. </subfield>
  </datafield>
</record>
